Music Quiz

Random Music or Lyrics Quiz

MESSAGE TO MY GIRL (Split Enz) LYRICS Quiz Stats

 Plays Quiz not verified by Sporcle

Score 0/203 Timer 05:00
0 Plays Today
% Correct
I
95.5%
I
95.5%
and
95.5%
The
95.5%
I
95.5%
I
95.5%
I
95.5%
a
95.5%
the
95.5%
I
95.5%
the
95.5%
I
95.5%
a
95.5%
the
95.5%
the
95.5%
the
95.5%
I
95.5%
I
95.5%
the
95.5%
the
95.5%
the
95.5%
I
95.5%
the
95.5%
the
95.5%
to
93.2%
to
93.2%
to
93.2%
to
93.2%
to
93.2%
it
88.6%
it
88.6%
my
88.6%
it
88.6%
it
88.6%
my
88.6%
my
88.6%
you
86.4%
you
86.4%
you
86.4%
you
86.4%
It's
86.4%
It's
86.4%
it's
86.4%
It's
86.4%
It's
86.4%
It's
86.4%
It's
86.4%
it's
86.4%
It's
86.4%
It's
86.4%
love
84.1%
No
84.1%
more
84.1%
no
84.1%
more
84.1%
No
84.1%
message
84.1%
No
84.1%
more
84.1%
no
84.1%
more
84.1%
message
84.1%
No
84.1%
more
84.1%
no
84.1%
more
84.1%
No
84.1%
That
81.8%
% Correct
want
81.8%
want
81.8%
that
81.8%
that
81.8%
girl
81.8%
that
81.8%
girl
81.8%
that
81.8%
say
79.5%
say
79.5%
in
79.5%
in
79.5%
in
79.5%
in
79.5%
in
79.5%
don't
77.3%
too
77.3%
don't
77.3%
so
77.3%
So
77.3%
So
77.3%
would
75%
much
75%
much
75%
New
75%
Year's
75%
than
75%
New
75%
Year's
75%
than
75%
New
75%
Year's
75%
than
75%
wanna
72.7%
give
72.7%
is
72.7%
wanna
72.7%
away
70.5%
even
70.5%
though
70.5%
Though
70.5%
resolution
70.5%
world
70.5%
resolution
70.5%
Though
70.5%
world
70.5%
resolution
70.5%
touch
68.2%
touch
68.2%
of
68.2%
of
68.2%
your
65.9%
up
63.6%
up
63.6%
sing
63.6%
sing
63.6%
feel
61.4%
can
61.4%
time
59.1%
empty
59.1%
empty
59.1%
time
59.1%
empty
59.1%
hand
59.1%
only
56.8%
thing
56.8%
conversation
56.8%
this
56.8%
% Correct
This
56.8%
simple
56.8%
Simple
56.8%
as
56.8%
As
56.8%
sweet
56.8%
word
54.5%
word
54.5%
nothing
54.5%
real
54.5%
rest
54.5%
life
54.5%
wrapped
52.3%
I'm
52.3%
under
52.3%
I'll
52.3%
under
52.3%
I'm
52.3%
I'll
52.3%
under
52.3%
there's
52.3%
quite
52.3%
spend
52.3%
be
50%
precious
50%
vicious
50%
hush
50%
by
50%
think
50%
heard
50%
lovers
50%
embrace
50%
by
50%
Think
50%
heard
50%
whispered
47.7%
Visions
45.5%
mat
45.5%
us
45.5%
Visions
45.5%
mat
45.5%
Visions
45.5%
mat
45.5%
sand
45.5%
frightened
43.2%
was
43.2%
swept
43.2%
Now
43.2%
wake
43.2%
one
43.2%
swept
43.2%
frightened
43.2%
swept
43.2%
happy
40.9%
Warm
40.9%
else
40.9%
place
38.6%
While
36.4%
we're
36.4%
detached
34.1%
Buried
31.8%
can't
29.5%
self-possession
27.3%
self-possession
27.3%
self-possession
27.3%
Hip
22.7%
imade
4.5%

You're not logged in!

Compare scores with friends on all Sporcle quizzes.
OR
Log In

Sporcle TV

Today on Sporcle TV


Watch our educational content, quiz creation guides, and fun videos on Sporcle TV.

Show Comments

Extras

Created Jan 14, 2015SourceReportNominate
Tags:Lyrics Quiz, girl, message

Top Quizzes Today


Score Distribution

Your Account Isn't Verified!

In order to create a playlist on Sporcle, you need to verify the email address you used during registration. Go to your Sporcle Settings to finish the process.

Report this User

Report this user for behavior that violates our Community Guidelines.

Details: